International Valuation Standards (Record no. 121783)
[ view plain ]
| 000 -LEADER | |
|---|---|
| fixed length control field | 01799cad a22003135a 4500 |
| 008 - FIXED-LENGTH DATA ELEMENTS--GENERAL INFORMATION | |
| fixed length control field | 240201t2024 xxk f f 001 0 eng d |
| 020 ## - INTERNATIONAL STANDARD BOOK NUMBER | |
| ISBN | 9780993151378 |
| 041 0# - LANGUAGE CODE | |
| Language code of text/sound track or separate title | eng |
| 110 2# - MAIN ENTRY--CORPORATE NAME | |
| Corporate author | Royal Institution of Chartered Surveyors |
| 240 00 - UNIFORM TITLE | |
| Uniform title | <a href="Red Book">Red Book</a> |
| 245 00 - TITLE STATEMENT | |
| Title | International Valuation Standards |
| Subtitle | Effective 31 January 2025 |
| 260 ## - PUBLICATION INFORMATION | |
| Place of publication | London, |
| Publisher | International Valuation Standards Council, |
| Date | 2024 |
| 300 ## - PHYSICAL DESCRIPTION | |
| Physical description | 161p. |
| 490 #0 - SERIES TITLE | |
| Series statement | RICS Valuation Standards |
| 490 ## - SERIES TITLE | |
| Series statement | RICS Red Book |
| 505 2# - CONTENTS | |
| Contents | IVS Framework - Scope of work - Bases of Value - Valuation Approaches - Data and Inputs - Valuation models - Documentation and Reporting - Businesses and Business Interests - Intangible Assets - Inventory - Plant and Equipment - Real Property Interests - Development Property - Financial Instruments |
| 520 ## - ABSTRACT | |
| Abstract | Effective from 31 January 2025. This latest edition introduces important new chapters, such as 'Data and Inputs' and 'Valuation Models,' and restructures the content to reflect the valuation process more accurately from start to finish. |
| 520 ## - ABSTRACT | |
| Abstract | Replaces IVS 2022 ISBN 9780993151347 |
| 650 24 - KEYWORDS | |
| Keywords | RICS VALUATION STANDARDS |
| 650 24 - KEYWORDS | |
| Keywords | INTERNATIONAL VALUATION STANDARDS |
| 650 24 - KEYWORDS | |
| Keywords | RED BOOK |
| 651 #4 - SUBJECT ADDED ENTRY--GEOGRAPHIC NAME | |
| Geographic name | International |
| 690 ## - BROAD SUBJECT | |
| Broad subject | Valuation |
| 9 (RLIN) | 6273 |
| 710 2# - ADDED CORPORATE NAME | |
| Added corporate author | International Valuation Standards Council |
| 710 ## - ADDED CORPORATE NAME | |
| Added corporate author | Royal Institution of Chartered Surveyors |
| 856 40 - ONLINE RESOURCE | |
| Uniform Resource Identifier | <a href="https://community.rics.org/discussion/new-ivs-published-31124-effective-from-31125-copy-attached-for-individual-use-by-members">https://community.rics.org/discussion/new-ivs-published-31124-effective-from-31125-copy-attached-for-individual-use-by-members</a> |
| Public note | Available to RICS members via myRICS community |
| 856 40 - ONLINE RESOURCE | |
| Uniform Resource Identifier | <a href="https://www.ivsc.org/new-edition-of-the-international-valuation-standards-ivs-published/">https://www.ivsc.org/new-edition-of-the-international-valuation-standards-ivs-published/</a> |
| Public note | Available to IVSC members and subscribers through IVSC portal |
| 942 ## - ADDED ENTRY ELEMENTS (KOHA) | |
| Suppress in OPAC | Do not suppress in OPAC |
| Lost status | Damaged status | Not for loan | Home library | Current library | Shelving location | Date acquired | Total Checkouts | Date last seen | Price effective from | Koha item type | Full call number |
|---|---|---|---|---|---|---|---|---|---|---|---|
| London | London | Books | 03/06/2024 | 03/06/2024 | 03/06/2024 | Book | RED BOOKS | ||||
| Virtual | Virtual | Online | 01/02/2024 | 01/02/2024 | 01/02/2024 | Online material |